[Event "ICS rated blitz match"]
[Site "207.99.83.227"]
[Date "1999.05.05"]
[Round "?"]
[White "supernerd"]
[Black "Hossa"]
[Result "1-0"]
[WhiteElo "2277"]
[BlackElo "2400"]
[Annotator "Crafty v16.6"]
[PlyCount "183"]

{annotating for player ossa using a scoring margin of +0.20 pawns. search time
limit is 20.00} 1. d4 1... Nf6 2. e3 g6 3. c3 Bg7 4. Bd3 O-O 5. f4 d5 ({9:-0.20
} 5... d5 6. Nf3 c5 7. O-O Nc6 8. Nbd2 c4 9. Bc2 9... Bg4 $10) ({9:+0.09} 5...
d6 6. Nf3 Nbd7 7. Bc4 e5 8. fxe5 dxe5 9. dxe5 Ng4 10. e6 $10) 6. Nf3 Ne4 ({
9:-0.43} 6... Ne4 7. Nbd2 Bf5 8. Bxe4 Bxe4 9. Nxe4 dxe4 10. Nd2 Qd5 11. c4
11... Qf5 $14) ({9:-0.13} 6... c5 7. O-O Nc6 8. Nbd2 cxd4 9. cxd4 Bg4 10. Qb3
Qd7 11. Qd1 $10) 7. O-O Bf5 8. Qe2 Nd7 9. Bd2 Ndf6 10. Be1 c6 11. Ne5 Qb6 ({
8:-0.47} 11... Qb6 12. g4 Be6 13. Qg2 Nd7 14. Nxd7 Bxd7 15. Bh4 15... Rae8 $14)
({8:-0.24} 11... c5 12. g4 Be6 13. Nd2 Nxd2 14. Bxd2 cxd4 15. cxd4 Ne4 16. Bxe4
16... dxe4 $10) 12. Kh1 Rae8 13. Bh4 a5 14. Na3 c5 15. Rab1 c4 16. Bc2 Qe6 17.
Ra1 Kh8 18. Bb1 Rd8 19. Bf2 Rg8 20. Be1 Rdf8 21. Nb5 a4 22. Na3 Nd7 23. Bc2
Nxe5 24. fxe5 Bg4 25. Rf3 Qc6 26. Qd1 b5 27. Bh4 g5 28. Be1 Qd7 29. Qe2 h6 30.
Qf1 Bxf3 31. gxf3 f5 32. fxe4 fxe4 33. Qg2 Rf3 34. Bd1 Rf7 35. Bg4 Qc6 36. Nc2
Rgf8 37. Bg3 e6 38. Nb4 Qd7 39. Rg1 Re7 40. Qh3 a3 41. bxa3 Ra8 42. Nc2 Rf8 43.
Qh5 Rff7 44. Qg6 Qe8 45. Nb4 Rf8 46. Qxe8 Rfxe8 47. h4 Rf8 48. Kg2 gxh4 49.
Bxh4 Ree8 50. Rb1 Rg8 51. Kh3 Rgf8 52. Nc2 h5 53. Bxh5 Rb8 54. Bg4 Rb6 55. a4
Re8 56. a5 Rb7 57. a6 Rb6 58. Nb4 Bf8 59. Bf6+ Kh7 60. Kg3 Bh6 61. Rh1 Rg8 62.
Rh4 Kg6 63. Bh5+ Kh7+ 64. Kf2 Ra8 65. Bg4 Kg6 66. Bh5+ Kh7 67. Rg4 Bf8 68. Bg6+
Kh6 69. Rg1 Rbxa6 70. Nxa6 Rxa6 71. Bf7 Rxa2+ 72. Kg3 Kh7 73. Rh1+ Bh6 74. Bxe6
Kg6 75. Bxd5 Re2 76. Bxe4+ Kf7 77. Rxh6 Rxe3+ 78. Kf4 Re2 79. Bd5+ Ke8 80. Rh7
Rf2+ 81. Kg5 Rh2 82. Rxh2 Kd7 83. Kf5 Kc7 84. Rh7+ Kc8 85. Ke6 b4 86. Kd6 Kb8
87. Kc6 bxc3 88. Be7 Ka7 89. Bc5+ Ka6 90. Rh8 c2 91. Bxc4+ Ka5 92. Ra8# 1-0

[Event "ICS rated blitz match"]
[Site "207.99.83.227"]
[Date "1999.05.05"]
[Round "?"]
[White "Hossa"]
[Black "Angharad"]
[Result "1-0"]
[WhiteElo "2379"]
[BlackElo "2090"]
[PlyCount "48"]

1. e4 c5 2. Nf3 Nc6 3. d4 cxd4 4. Nxd4 g6 5. Nc3 Bg7 6. Be3 Nf6 7. Bc4 Qa5 8.
O-O O-O 9. a3 d6 10. Nd5 Ng4 11. Nxc6 bxc6 12. Nxe7+ Kh8 13. Qxd6 Nxe3 14. fxe3
Qb6 15. Qxc6 Qxe3+ 16. Kh1 Rb8 17. Rxf7 Bb7 18. Nxg6+ hxg6 19. Rxb7 Bxb2 20.
Rxb8 Rxb8 21. Rf1 Qh6 22. Qc7 Re8 23. Qf7 Rb8 24. Rf3 24... Be5 {
Angharad resigns} 1-0

[Event "ICS rated blitz match"]
[Site "207.99.83.227"]
[Date "1999.05.05"]
[Round "?"]
[White "Angharad"]
[Black "Hossa"]
[Result "0-1"]
[WhiteElo "2086"]
[BlackElo "2384"]
[PlyCount "56"]

1. e4 e5 2. Nf3 Nf6 3. Nxe5 d6 4. Nf3 Nxe4 5. Nc3 Nxc3 6. dxc3 Be7 7. Bf4 O-O
8. Qd2 Bf6 9. O-O-O Bg4 10. Bd3 Bxf3 11. gxf3 Nc6 12. Rhg1 Re8 13. Bg5 Ne5 14.
Qf4 Bxg5 15. Rxg5 c6 16. Rdg1 Ng6 17. Qg3 Re6 18. f4 Qe7 19. Kd1 Re8 20. f3 h6
21. Rg4 h5 22. Rg5 h4 23. Qf2 d5 24. f5 Re3 25. fxg6 f6 26. R5g4 h3 27. Be4 Qc5
28. Bd3 28... Rxd3+ {Angharad resigns} 0-1

[Event "ICS rated blitz match"]
[Site "207.99.83.227"]
[Date "1999.05.05"]
[Round "?"]
[White "PostModernist"]
[Black "Hossa"]
[Result "1/2-1/2"]
[WhiteElo "2581"]
[BlackElo "2389"]
[PlyCount "49"]

1. e4 e5 2. Nf3 Nf6 3. Nxe5 d6 4. Nf3 Nxe4 5. d4 d5 6. Bd3 Bb4+ 7. c3 Bd6 8.
O-O O-O 9. c4 c6 10. Qc2 Re8 11. Nc3 Bf5 12. cxd5 cxd5 13. Qb3 Nc6 14. Qxb7
Nxc3 15. Bxf5 Ne2+ 16. Kh1 Ne7 17. Bd7 Rf8 18. b3 a5 19. Re1 Rb8 20. Qa7 Nxc1
21. Raxc1 Ra8 22. Qb7 Rb8 23. Qa7 Ra8 24. Qb7 Rb8 25. Qa7 {
Game drawn by repetition} 1/2-1/2

[Event "ICS rated blitz match"]
[Site "207.99.83.227"]
[Date "1999.05.05"]
[Round "?"]
[White "Hossa"]
[Black "fog"]
[Result "1-0"]
[WhiteElo "2397"]
[BlackElo "2395"]
[PlyCount "71"]

1. e4 c5 2. Nf3 e6 3. Nc3 Nc6 4. Bb5 Nd4 5. O-O Ne7 6. Nxd4 cxd4 7. Ne2 Nc6 8.
c3 Bc5 9. b4 Bb6 10. Bb2 dxc3 11. Bxc3 O-O 12. Rc1 d5 13. exd5 exd5 14. d4 Bg4
15. a4 a6 16. Bxc6 bxc6 17. Qd3 Re8 18. Rfe1 Qd7 19. Nf4 Bf5 20. Rxe8+ Rxe8 21.
Qxa6 Bc7 22. Bd2 g5 23. Nd3 Qd6 24. Ne5 Rxe5 25. Rxc6 Qe7 26. dxe5 Qxe5 27.
Rxc7 Qxc7 28. Qa8+ Qc8 29. Qxd5 h6 30. h4 gxh4 31. Bxh6 Qe6 32. Qxe6 Bxe6 33.
b5 Bd7 34. b6 Bc6 35. a5 Bb7 36. Bg5 {fog resigns} 1-0

[Event "ICS rated blitz match"]
[Site "207.99.83.227"]
[Date "1999.05.05"]
[Round "?"]
[White "egghead"]
[Black "Hossa"]
[Result "1/2-1/2"]
[WhiteElo "2514"]
[BlackElo "2413"]
[PlyCount "58"]

1. d4 Nf6 2. c4 g6 3. Nc3 Bg7 4. e4 d6 5. Be2 O-O 6. Bg5 Nbd7 7. Qd2 e5 8. d5
Nc5 9. f3 a5 10. h4 a4 11. h5 gxh5 12. Rxh5 a3 13. b4 Ncd7 14. O-O-O b6 15. Rh1
Kh8 16. f4 Bb7 17. Nf3 Re8 18. fxe5 Nxe5 19. Nxe5 Rxe5 20. Qf4 Qe7 21. Rdf1
Nxd5 22. Rxh7+ Kxh7 23. Qh4+ Kg8 24. Bxe7 Nxc3 25. Bh5 Nxa2+ 26. Kb1 Nc3+ 27.
Kc1 Na2+ 28. Kb1 Nc3+ 29. Kc1 29... Na2+ {Game drawn by repetition} 1/2-1/2

[Event "ICS Rated blitz match"]
[Site "207.99.83.227"]
[Date "1999.05.05"]
[Round "?"]
[White "Hossa"]
[Black "Tim"]
[Result "1-0"]
[WhiteElo "2418"]
[BlackElo "2461"]
[PlyCount "57"]

1. e4 d5 2. exd5 Nf6 3. Bb5+ Bd7 4. Bc4 b5 5. Bb3 Bg4 6. f3 Bc8 7. Ne2 Bb7 8.
Nec3 b4 9. Qe2 a6 10. Ne4 Nxd5 11. d3 e6 12. Bg5 Be7 13. Bxd5 Bxd5 14. Bxe7
Qxe7 15. O-O O-O 16. Qf2 Nd7 17. Nbd2 a5 18. Qg3 e5 19. f4 exf4 20. Qxf4 Nc5
21. Rae1 Ne6 22. Qg4 Bxa2 23. b3 a4 24. Rf5 axb3 25. cxb3 Rfd8 26. Re3 c6 27.
Rh3 Nf8 28. Nf6+ Kh8 29. Nxh7 {Tim resigns} 1-0

[Event "ICS rated blitz match"]
[Site "207.99.83.227"]
[Date "1999.05.05"]
[Round "?"]
[White "Tim"]
[Black "Hossa"]
[Result "1/2-1/2"]
[WhiteElo "2443"]
[BlackElo "2436"]
[PlyCount "124"]

1. d4 Nf6 2. f3 e6 3. e4 Be7 4. Nc3 d5 5. Bg5 Nxe4 6. fxe4 Bxg5 7. Nf3 O-O 8.
Bd3 Nc6 9. e5 Bh6 10. a3 f6 11. O-O Be3+ 12. Kh1 fxe5 13. dxe5 Bf4 14. Qe2 Qe7
15. Rae1 a6 16. Nd1 Qe8 17. g3 Bc1 18. c3 Qh5 19. Ne3 Bxe3 20. Qxe3 Bd7 21. Rf2
Ne7 22. Ref1 Bb5 23. Bxb5 axb5 24. Qg5 Qxg5 25. Nxg5 Rxf2 26. Rxf2 Ng6 27. Nxe6
c6 28. Nc5 Nxe5 29. Nxb7 Rf8 30. Re2 Nd3 31. Kg2 g6 32. Na5 Rf6 33. Nb3 Kf7 34.
Nd4 Rd6 35. Rd2 Nc5 36. Re2 Ne4 37. Nf3 c5 38. Nd2 Re6 39. Nxe4 Rxe4 40. Rxe4
dxe4 41. b3 Ke6 42. Kf2 Kd5 43. Ke3 c4 44. bxc4+ Kxc4 45. Kxe4 g5 46. h4 Kxc3
47. Kd5 Kb3 48. Kc5 Kxa3 49. Kxb5 gxh4 50. gxh4 Kb3 51. Kc5 Kc3 52. Kd5 Kd3 53.
Ke5 Ke3 54. Kf5 Kf3 55. Kg5 Kg3 56. h5 Kf3 57. h6 Ke4 58. Kf6 Kd5 59. Kg7 Ke6
60. Kxh7 Kf7 61. Kh8 Kg6 62. Kg8 62... Kxh6 {
Game drawn because neither player has mating material} 1/2-1/2

[Event "ICS rated blitz match"]
[Site "207.99.83.227"]
[Date "1999.05.05"]
[Round "?"]
[White "Hossa"]
[Black "Richard26"]
[Result "1-0"]
[WhiteElo "2443"]
[BlackElo "2086"]
[PlyCount "63"]

1. e4 c5 2. Nf3 d6 3. d4 cxd4 4. Nxd4 Nc6 5. Nc3 a6 6. Be2 e6 7. O-O Nf6 8.
Nxc6 bxc6 9. Qd3 Be7 10. Qg3 O-O 11. Bh6 Ne8 12. Be3 d5 13. Rad1 Qa5 14. exd5
cxd5 15. a3 Kh8 16. Bd4 Nf6 17. Bd3 Bb7 18. Qh4 h6 19. Qg3 Rac8 20. Rfe1 Qc7
21. Be5 Qb6 22. Ne2 Rg8 23. Qf4 Rcf8 24. Nd4 Rc8 25. Re2 Rgf8 26. Rde1 Kg8 27.
Qg3 a5 28. Nb5 Ba6 29. a4 Bxb5 30. axb5 Rfd8 31. Qh4 Ne4 32. Qxe7 {
Richard26 resigns} 1-0

[Event "ICS rated blitz match"]
[Site "207.99.83.227"]
[Date "1999.05.05"]
[Round "?"]
[White "SuperChicken"]
[Black "Hossa"]
[Result "1-0"]
[WhiteElo "2710"]
[BlackElo "2447"]
[Annotator "Crafty v16.6"]
[PlyCount "159"]

{annotating for player ossa using a scoring margin of +0.20 pawns. search time
limit is 20.00} 1. e4 1... e5 2. Nf3 Nf6 3. d4 exd4 4. e5 Ne4 5. Qxd4 f5 ({
8:-0.49} 5... f5 6. exf6 Nxf6 7. Qe5+ Qe7 8. Qxe7+ Bxe7 9. Bd3 Na6 10. O-O Nc5
11. Bf5 $14) ({8:-0.18} 5... d5 6. exd6 Nxd6 7. Bd3 Nc6 8. Qe3+ Be7 9. O-O O-O
10. Nc3 $10) 6. exf6 Nxf6 7. Be2 Nc6 8. Qe3+ Be7 9. Qg5 O-O 10. O-O d5 11. Nc3
Be6 12. Qe3 Bf5 13. Qd2 Qd7 14. Bb5 Rae8 15. Re1 d4 16. Bxc6 Qxc6 17. Nxd4 Qd7
18. Re5 Bb4 19. Rxe8 Rxe8 20. Nxf5 Qxf5 21. h3 c6 22. a3 Ne4 23. Qe1 Bxc3 24.
bxc3 b6 25. Be3 Nd6 26. Qe2 Qf7 27. Qd3 Nc4 28. Bd4 c5 29. Be3 Qe6 30. Bg5 b5
31. Bf4 a6 32. Bg3 Qf7 33. Bh4 a5 34. Bg3 a4 35. Kh1 Kh8 36. Kg1 Rg8 37. Qe4
Qf6 38. Qe1 Rd8 39. Bc7 Rc8 40. f4 Qf7 41. Be5 Rd8 42. Qe4 Rd5 43. Bc7 Kg8 44.
Bb8 Qd7 45. Kh1 Rd1+ 46. Rxd1 Qxd1+ 47. Kh2 Qd8 48. Ba7 Nxa3 49. Qc6 Nxc2 50.
Qxb5 Qa8 51. Qxa4 Ne3 52. Qb3+ c4 53. Qb8+ Qxb8 54. Bxb8 Nf1+ 55. Kg1 Ng3 56.
Be5 Ne4 57. Kf1 Nc5 58. Kf2 g5 59. Ke3 gxf4+ 60. Kd4 Ne6+ 61. Kxc4 f3 62. gxf3
Ng5 63. Kd5 Nxh3 64. c4 Nf2 65. c5 Nd3 66. c6 Nb4+ 67. Kc5 Nxc6 68. Kxc6 Kf7
69. Kd5 Ke7 70. f4 Kd7 71. Bf6 h6 72. f5 Kc7 73. Be5+ Kc8 74. f6 Kd7 75. Bg3
Ke8 76. Ke6 Kf8 77. Be5 h5 78. f7 h4 79. Kf6 h3 80. Bd6# 1-0

[Event "ICS Rated blitz match"]
[Site "207.99.83.227"]
[Date "1999.05.06"]
[Round "?"]
[White "Hossa"]
[Black "Blackuhuru"]
[Result "0-1"]
[WhiteElo "2441"]
[BlackElo "2169"]
[Annotator "Crafty v16.6"]
[PlyCount "104"]

{annotating for player ossa using a scoring margin of +0.20 pawns. search time
limit is 20.00} 1. e4 1... c5 2. Nf3 e6 3. d4 cxd4 4. Nxd4 Nc6 5. Nxc6 bxc6 6.
Bd3 Nf6 7. O-O d5 8. e5 Nd7 9. Qh5 g6 10. Qg5 ({10:-0.19} 10. Qg5 10... Qxg5
11. Bxg5 Bg7 12. f4 Nc5 13. Rc1 Rb8 14. b3 O-O 15. Nc3 Nxd3 16. cxd3 $10) ({
10:+0.09} 10. Qe2 10... Bg7 11. Bf4 Rb8 12. b3 O-O 13. Nc3 d4 14. Na4 14... Qh4
$10) 10... Qxg5 11. Bxg5 Bg7 12. f4 h6 13. Bh4 g5 14. Bg3 gxf4 15. Bxf4 Nxe5
16. Nc3 Nxd3 17. cxd3 Bd4+ 18. Kh1 Ke7 19. Rac1 e5 20. Bg3 Ba6 21. Rf3 Rab8 22.
b3 Rbc8 23. Bh4+ Kf8 24. Rc2 Re8 25. Nd1 e4 26. Rf4 Bxd3 27. Rxc6 Be5 28. Rf5
Rg8 29. Rxh6 e3 30. Nxe3 d4 31. Rhh5 Bh8 32. Nc4 Bxf5 33. Rxf5 Re2 34. g3 Rg6
35. Ra5 Bf6 36. Bxf6 Rxf6 37. Kg1 Rff2 38. Rxa7 Rg2+ 39. Kf1 Ref2+ 40. Ke1 d3
41. Ra8+ Kg7 42. Rd8 Rxa2 43. Kf1 Rxh2 44. Kg1 Rhe2 45. Ne3 Rxe3 46. Kf1 d2 47.
g4 Re1+ 48. Kg2 d1=Q+ 49. Kg3 Qxd8 50. Kf4 Qd6+ 51. Kg5 Qf6+ 52. Kh5 Rh1# 0-1

[Event "ICS rated blitz match"]
[Site "207.99.83.227"]
[Date "1999.05.06"]
[Round "?"]
[White "Imaginator"]
[Black "Hossa"]
[Result "0-1"]
[WhiteElo "2105"]
[BlackElo "2415"]
[PlyCount "68"]

1. d4 Nf6 2. c4 g6 3. Nc3 Bg7 4. e4 d6 5. f4 O-O 6. Nf3 c5 7. dxc5 dxc5 8. Qc2
Bg4 9. Be2 Nc6 10. a3 Nd4 11. Nxd4 cxd4 12. Nd5 Nxd5 13. exd5 Bxe2 14. Qxe2 b5
15. O-O bxc4 16. Qxc4 Rc8 17. Qd3 Qxd5 18. Bd2 Qf5 19. Qxf5 gxf5 20. Rac1 d3
21. Bc3 Rfd8 22. Rfd1 Bd4+ 23. Bxd4 Rxc1 24. Rxc1 Rxd4 25. g3 f6 26. Kf2 e5 27.
fxe5 fxe5 28. Ke3 Rd5 29. Kd2 Rd8 30. Rf1 e4 31. Rxf5 e3+ 32. Kd1 e2+ 33. Kd2
Re8 34. Ke1 34... d2+ {Imaginator resigns} 0-1

[Event "ICS rated blitz match"]
[Site "207.99.83.227"]
[Date "1999.05.06"]
[Round "?"]
[White "Blackuhuru"]
[Black "Hossa"]
[Result "0-1"]
[WhiteElo "2219"]
[BlackElo "2420"]
[PlyCount "112"]

1. Nf3 d5 2. c4 d4 3. g3 Nc6 4. d3 e5 5. Bg2 Nf6 6. O-O Bc5 7. a3 O-O 8. b4 Bd6
9. c5 Be7 10. b5 Nb8 11. c6 Qd5 12. Nxe5 Qxb5 13. Qc2 Bd6 14. Qb2 Qxb2 15. Bxb2
bxc6 16. Nxc6 Bh3 17. Nxd4 Bxg2 18. Kxg2 Be5 19. f4 Bxd4 20. Bxd4 Nfd7 21. Rc1
Na6 22. Nd2 Rfe8 23. Kf3 c5 24. Bf2 Kh8 25. Ne4 Rec8 26. Nd6 Rc7 27. Nxf7+ Kg8
28. Nd6 Rf8 29. Rab1 Rc6 30. Nc4 Nb6 31. Ne5 Rc7 32. h3 Rcc8 33. Kg4 Rc7 34.
Rb5 Nd5 35. Ra5 Rf6 36. Bxc5 Rh6 37. Rc4 Nf6+ 38. Kf3 Ne8 39. Bd4 Rxc4 40. dxc4
Nac7 41. Rxa7 Ne6 42. Bf2 Rf6 43. h4 h5 44. a4 Kh7 45. a5 Nd6 46. a6 Ne8 47.
Re7 N6c7 48. a7 Ra6 49. f5 Ra3+ 50. Kf4 Ra4 51. Bb6 Nd5+ 52. Kf3 Nxe7 53. c5
Nxf5 54. Nd7 Nd4+ 55. Kf2 Ra2 56. c6 56... Nxc6 {Blackuhuru resigns} 0-1

[Event "ICS rated blitz match"]
[Site "207.99.83.227"]
[Date "1999.05.06"]
[Round "?"]
[White "Hossa"]
[Black "TolkienX"]
[Result "0-1"]
[WhiteElo "2428"]
[BlackElo "2623"]
[Annotator "Crafty v16.6"]
[PlyCount "73"]

{annotating for player ossa using a scoring margin of +0.20 pawns. search time
limit is 20.00} 1. e4 1... Nf6 2. e5 Nd5 3. Nf3 d6 4. d4 Bf5 5. Bb5+ c6 6. Bd3
Bg4 7. exd6 Qxd6 8. O-O Nd7 9. c4 ({7:+0.15} 9. c4 9... Nf4 10. Bc2 g5 11. c5
Bxf3 12. cxd6 Bxd1 13. Rxd1 exd6 14. Bxf4 14... gxf4 $10) ({7:+0.41} 9. Nbd2
9... Qf4 10. Re1 N7f6 11. c4 Nb4 12. Ne4 $14) 9... Nf4 10. Bxf4 Qxf4 11. Nbd2
O-O-O 12. Qa4 e5 13. Rfe1 f5 14. g3 Qh6 15. Qxa7 Bb4 16. dxe5 Bxd2 17. Nxd2
Qxd2 18. Bf1 Rhe8 19. e6 Nf6 20. e7 Rd7 21. Qa3 Bh5 22. Re5 Bd1 23. Bh3 Bg4 24.
Bg2 Kb8 25. Re3 Bd1 26. Bh3 g6 27. Rb1 Qc2 28. Ra1 Ne4 29. Rxe4 Qxe4 30. Bf1
Rexe7 31. Qb4 Qe1 32. Qc5 Rd2 33. Qb6 Ree2 34. Qc5 Rxf2 35. Qf8+ Kc7 36. Qe7+
Qxe7 37. Rxd1 0-1

[Event "ICS rated blitz match"]
[Site "207.99.83.227"]
[Date "1999.05.06"]
[Round "?"]
[White "Hossa"]
[Black "Zamok"]
[Result "1-0"]
[WhiteElo "2420"]
[BlackElo "2126"]
[PlyCount "61"]

1. e4 c5 2. Nf3 d6 3. d4 cxd4 4. Nxd4 Nf6 5. Bd3 Nc6 6. Nxc6 bxc6 7. O-O g6 8.
c4 Bg7 9. Bg5 O-O 10. Qd2 Rb8 11. Nc3 Re8 12. Rad1 Qa5 13. b3 Bg4 14. Rc1 Be6
15. Bh6 Qh5 16. Bxg7 Kxg7 17. Be2 Qa5 18. h4 h5 19. Bf3 Red8 20. Kh1 d5 21.
cxd5 cxd5 22. Qg5 Rbc8 23. exd5 Nxd5 24. Nxd5 Rxc1 25. Rxc1 Bxd5 26. Rd1 e6 27.
b4 Qb5 28. Qxd8 Bxf3 29. gxf3 Qe2 30. Kg2 Qc4 31. Qd4+ {Zamok resigns} 1-0

[Event "ICS rated blitz match"]
[Site "207.99.83.227"]
[Date "1999.05.06"]
[Round "?"]
[White "zhora"]
[Black "Hossa"]
[Result "0-1"]
[WhiteElo "2130"]
[BlackElo "2425"]
[PlyCount "50"]

1. e4 e5 2. Nc3 Nc6 3. g3 Bb4 4. Bg2 Nge7 5. Nge2 f5 6. exf5 O-O 7. O-O Rxf5 8.
a3 Ba5 9. Nd5 Nxd5 10. Bxd5+ Kh8 11. d3 d6 12. Nc3 Rf8 13. h4 Bh3 14. Bg5 Qd7
15. Bg2 Bxg2 16. Kxg2 Nd4 17. Be3 Bxc3 18. bxc3 Nf3 19. d4 Qg4 20. Rh1 Rae8 21.
dxe5 Qe4 22. Kf1 Nxe5 23. Ke2 Ng4 24. Rf1 Rxf2+ 25. Rxf2 25... Qxe3+ {
zhora resigns} 0-1

[Event "ICS rated blitz match"]
[Site "207.99.83.227"]
[Date "1999.05.06"]
[Round "?"]
[White "SuperChicken"]
[Black "Hossa"]
[Result "1-0"]
[WhiteElo "2712"]
[BlackElo "2430"]
[Annotator "Crafty v16.6"]
[PlyCount "100"]

{annotating for player ossa using a scoring margin of +0.20 pawns. search time
limit is 20.00} 1. d4 1... Nf6 2. c4 g6 3. Nc3 Bg7 4. e4 d6 5. f3 O-O 6. Be3
Nc6 7. Nge2 e5 8. Qd2 Na5 9. b3 Nc6 10. d5 Nb4 11. Nb5 Na6 12. Nxa7 Rxa7 13.
Bxa7 b6 14. a4 Nc5 15. Qd1 Ncxe4 16. fxe4 Nxe4 17. Qc1 Bf5 18. a5 Nc5 19. Qe3
Qh4+ 20. g3 Qe4 21. Qxe4 Bxe4 22. Rg1 Nxb3 23. axb6 Nxa1 24. b7 Nc2+ 25. Kf2
Bh6 26. Bh3 c5 27. dxc6 Bxc6 28. Rb1 Bxb7 29. Rxb7 f5 30. Nc3 Na3 31. c5 dxc5
32. Bxc5 Ra8 33. Nd5 Bg5 34. Nc7 Ra4 35. Rb8+ Kg7 36. Ne6+ Kf6 37. Nf8 Bd2 38.
Rb6+ Kg7 39. Rb7+ Kh8 40. Rxh7+ Kg8 41. Rb7 Ra6 42. Bxa3 Rxa3 43. Nxg6 Be3+ 44.
Ke2 Bd4 45. Bxf5 Ra6 46. h4 Rf6 47. Bd3 Rxg6 48. Bxg6 Bc3 49. h5 e4 50. h6 Kf8
1-0

[Event "ICS rated blitz match"]
[Site "207.99.83.227"]
[Date "1999.05.06"]
[Round "?"]
[White "Hossa"]
[Black "j724"]
[Result "1-0"]
[WhiteElo "2429"]
[BlackElo "2154"]
[PlyCount "25"]

1. e4 c6 2. d4 d5 3. e5 c5 4. dxc5 Nc6 5. Bb5 a6 6. Bxc6+ bxc6 7. Be3 Bf5 8.
Nf3 e6 9. O-O Bg4 10. Nbd2 Ne7 11. c3 Nf5 12. Qa4 Qc7 13. Qxg4 {j724 resigns}
1-0

[Event "ICS rated blitz match"]
[Site "207.99.83.227"]
[Date "1999.05.06"]
[Round "?"]
[White "j724"]
[Black "Hossa"]
[Result "0-1"]
[WhiteElo "2149"]
[BlackElo "2434"]
[PlyCount "40"]

1. d4 Nf6 2. Nf3 e6 3. Bf4 c5 4. c3 Qb6 5. Qc2 cxd4 6. cxd4 Bb4+ 7. Nbd2 O-O 8.
a3 Bxd2+ 9. Bxd2 d5 10. Bf4 Bd7 11. e3 Rc8 12. Qb1 Bb5 13. Nd2 Nbd7 14. b4 Bxf1
15. Nxf1 a5 16. bxa5 Qxa5+ 17. Nd2 Ne4 18. Qd3 Rc3 19. Qe2 Rc2 20. Rd1 20...
Nxd2 {j724 resigns} 0-1

[Event "ICS rated blitz match"]
[Site "207.99.83.227"]
[Date "1999.05.06"]
[Round "?"]
[White "Hossa"]
[Black "JudgeTurpin"]
[Result "0-1"]
[WhiteElo "2439"]
[BlackElo "2674"]
[Annotator "Crafty v16.6"]
[PlyCount "60"]

{annotating for player ossa using a scoring margin of +0.20 pawns. search time
limit is 20.00} 1. e4 1... e5 2. f4 exf4 3. Nf3 Be7 4. Nc3 Bh4+ 5. Ke2 d5 6.
Nxd5 Bg4 7. h3 Bxf3+ 8. gxf3 Nf6 9. Nxf4 Nxe4 10. fxe4 Qd4 11. Bg2 Qf2+ 12. Kd3
Nc6 13. Qf1 Rd8+ 14. Nd5 Ne5+ 15. Kc3 Qc5+ 16. Kb3 a5 17. c3 Bf2 18. d4 Bxd4
19. cxd4 a4+ 20. Kxa4 Qc2+ 21. b3 Ra8+ 22. Kb5 c6+ 23. Kb6 Nd7+ 24. Kxb7 cxd5
25. Qc4 dxc4 26. Kxa8 cxb3 27. Kb7 O-O 28. e5 Qc8+ 29. Ka7 Qc7+ 30. Bb7 Qb6#
0-1

[Event "ICS rated blitz match"]
[Site "207.99.83.227"]
[Date "1999.05.06"]
[Round "?"]
[White "Hossa"]
[Black "JudgeTurpin"]
[Result "0-1"]
[WhiteElo "2432"]
[BlackElo "2681"]
[Annotator "Crafty v16.6"]
[PlyCount "39"]

{annotating for player ossa using a scoring margin of +0.20 pawns. search time
limit is 20.00} 1. e4 1... e5 2. f4 exf4 3. Nf3 g5 4. Bc4 ({9:-1.60} 4. Bc4
4... g4 5. Nd4 Qh4+ 6. Ke2 Nf6 7. Kd3 Bc5 8. Nb3 8... Bf2 $19) ({9:-0.73} 4.
Nd4 4... Nc6 5. Nxc6 dxc6 6. Qh5 Qd4 7. Nc3 Be7 8. Be2 8... Be6 $17) 4... Bg7
5. g3 ({9:-1.08} 5. g3 5... g4 6. Nh4 f3 7. Nf5 Bf6 8. h3 d5 9. Bb5+ 9... Bd7
$17) ({9:-0.70} 5. h3 5... Qe7 6. Qe2 Nc6 7. Nc3 Ne5 8. Nxe5 Bxe5 9. Nd5 9...
Qc5 $15) 5... g4 6. Nh4 d5 7. Bxd5 ({8:-2.00} 7. Bxd5 7... fxg3 8. hxg3 Be5 9.
O-O Nf6 10. Nf5 Bxf5 11. Rxf5 Bxg3 12. Bxb7 $19) ({8:-0.92} 7. exd5 7... f3 8.
Bb5+ c6 9. dxc6 bxc6 10. Bd3 Qe7+ 11. Kf1 Bd4 12. Nc3 $17) 7... fxg3 8. hxg3
Be5 9. Nf5 Bxf5 10. Bxb7 Bxg3+ 11. Ke2 c6 12. Qg1 Bxe4 13. Bxa8 Bf3+ 14. Kf1
Bf4 15. Nc3 g3 16. Ne4 g2+ 17. Qxg2 Bxg2+ 18. Kxg2 f5 19. Re1 Qh4 20. Nf2+ 0-1

[Event "ICS rated blitz match"]
[Site "207.99.83.227"]
[Date "1999.05.06"]
[Round "?"]
[White "Hossa"]
[Black "JudgeTurpin"]
[Result "1-0"]
[WhiteElo "2426"]
[BlackElo "2687"]
[PlyCount "123"]

1. e4 e5 2. f4 exf4 3. Nf3 g5 4. h4 g4 5. Ne5 d6 6. Nxg4 Be7 7. h5 f5 8. exf5
Bh4+ 9. Nf2 Bxf2+ 10. Kxf2 Bxf5 11. Bb5+ c6 12. Bc4 d5 13. Bb3 Qg5 14. Qf3 Be4
15. Qh3 Bf5 16. Qh4 Qxh4+ 17. Rxh4 Nh6 18. Rxf4 Rg8 19. d3 Nd7 20. Kg1 Bg4 21.
c4 Nc5 22. cxd5 Nxb3 23. axb3 cxd5 24. Nc3 O-O-O 25. Rxa7 Rge8 26. Ra8+ Kd7 27.
Rxd8+ Kxd8 28. Bd2 Be6 29. Rb4 Nf7 30. Rxb7 Re7 31. Rb8+ Kd7 32. Bf4 Nd6 33.
Bxd6 Kxd6 34. d4 Rf7 35. Rb6+ Ke7 36. Rb7+ Kf6 37. Rb5 Kf5 38. b4 Rg7 39. b3
Rg4 40. Nxd5 Rxd4 41. Nc7+ Kf6 42. Rb6 Re4 43. b5 Kf5 44. Rxe6 Rxe6 45. g4+ Ke5
46. Nxe6 Kxe6 47. g5 Ke7 48. b6 Kd6 49. b7 Kc7 50. g6 hxg6 51. b8=Q+ Kxb8 52.
hxg6 Kc7 53. g7 Kd6 54. g8=Q Ke5 55. Qd8 Ke4 56. Qd6 Kf5 57. b4 Ke4 58. Kf2 Kf5
59. Kf3 Kg5 60. Qe6 Kh5 61. Kf4 Kh4 62. Qh6# {JudgeTurpin checkmated} 1-0

[Event "ICS rated blitz match"]
[Site "207.99.83.227"]
[Date "1999.05.06"]
[Round "?"]
[White "Hossa"]
[Black "JudgeTurpin"]
[Result "0-1"]
[WhiteElo "2452"]
[BlackElo "2661"]
[Annotator "Crafty v16.6"]
[PlyCount "54"]

{annotating for player ossa using a scoring margin of +0.20 pawns. search time
limit is 20.00} 1. e4 1... e5 2. f4 exf4 3. Nf3 g5 4. h4 g4 5. Ne5 Nf6 6. Bc4
d5 7. exd5 Bd6 8. Bb5+ ({8:-0.44} 8. Bb5+ 8... Bd7 9. Nxd7 Nbxd7 10. Qe2+ Qe7
11. Qxe7+ Bxe7 12. Nc3 O-O-O 13. Rf1 Ne5 14. Rxf4 Nxd5 15. Nxd5 15... Rxd5 $15)
({8:+0.72} 8. d4 8... c6 9. dxc6 Bxe5 10. dxe5 Qa5+ 11. Nc3 Qxe5+ 12. Qe2 Nxc6
13. Bxf4 $16) 8... Bd7 9. Nxd7 Nbxd7 10. O-O f3 11. gxf3 a6 12. Re1+ Kf8 13.
Bxd7 Nxd7 14. fxg4 Qxh4 15. Re3 h5 16. Kf1 Qh1+ 17. Ke2 Qg2+ 18. Kd3 Qxd5+ 19.
Kc3 Qc6+ 20. Kd3 Nc5+ 21. Kd4 Bf4 22. Na3 Rd8+ 23. Kc3 Ne4+ 24. Kb3 Qb6+ 25.
Nb5 Qxb5+ 26. Ka3 Bd6+ 27. b4 Qxb4# 0-1

[Event "ICS rated blitz match"]
[Site "207.99.83.227"]
[Date "1999.05.06"]
[Round "?"]
[White "ColonialPast"]
[Black "Hossa"]
[Result "0-1"]
[WhiteElo "2115"]
[BlackElo "2445"]
[PlyCount "50"]

1. e4 e5 2. Nf3 Nf6 3. Nxe5 d6 4. Nf3 Nxe4 5. d4 d5 6. Bd3 Bb4+ 7. c3 Bd6 8.
O-O O-O 9. Re1 Re8 10. Bg5 Nxg5 11. Rxe8+ Qxe8 12. Nxg5 g6 13. h3 Nc6 14. Nd2
Qe7 15. Ngf3 Qf6 16. Qb3 Ne7 17. Re1 b6 18. Ne5 Bxh3 19. gxh3 Qg5+ 20. Kf1 Qxd2
21. Re3 c5 22. Qc2 Qxc2 23. Bxc2 cxd4 24. cxd4 Bxe5 25. Rxe5 25... Nc6 {
ColonialPast resigns} 0-1

[Event "ICS rated blitz match"]
[Site "207.99.83.227"]
[Date "1999.05.06"]
[Round "?"]
[White "Hossa"]
[Black "ColonialPast"]
[Result "1-0"]
[WhiteElo "2449"]
[BlackElo "2111"]
[PlyCount "61"]

1. e4 c6 2. Nf3 d5 3. exd5 cxd5 4. d4 Nf6 5. Bf4 Bg4 6. Bb5+ Nc6 7. O-O e6 8.
Nbd2 a6 9. Bxc6+ bxc6 10. Qc1 Be7 11. Ne5 Qb6 12. Nxg4 Nxg4 13. Nf3 O-O 14. c4
dxc4 15. Qxc4 Qb5 16. Rac1 Rac8 17. b3 c5 18. d5 exd5 19. Qxd5 Nf6 20. Qg5 h6
21. Qe5 Rfe8 22. Rfe1 Bf8 23. Qf5 Rxe1+ 24. Rxe1 Qd7 25. Qxd7 Nxd7 26. Rd1 Nf6
27. Ne5 a5 28. Nc4 Ra8 29. a4 g6 30. Bc7 Re8 31. Kf1 {ColonialPast resigns} 1-0